Harry Potter Un perso en trois mots - Statistiques

Statistiques générales
  • Ce quiz a été pris 151 fois
  • Le résultat moyen est 16 sur 30
Statistiques - réponses
Hint Réponse % Correct
Cicatrice - Élu - Hedwige Harry Potter
95%
Jumeau - Oreille - Batteur George Weasley
87%
Lune - Carte du maraudeur - Teddy Remus Lupin
82%
Crapaud - Epée - Augusta Neville Londubat
79%
Sombral - Pandora - Lièvre Luna Lovegood
75%
Déluminateur - Terrier - Araignée Ron Weasley
70%
Fugue - Chien - Azkaban Sirius Black
70%
Phoenix - Baguette de Sureau - Bague des Gaunt Albus Dumbledore
69%
Oiseaux - Dentistes - Club de Slug Hermione Granger
69%
Fuite - Durmstrang - Barbe Igor Karkaroff
69%
Ministère - Cedric - Deuil Amos Diggory
64%
Mangemort - Journal - Sang pur Lucius Malefoy
63%
Cedric - Bal - Marietta Cho Chang
61%
Serpent - Horcruxes - Héritier Voldemort
59%
France - Hagrid - Fleur Olympe Maxime
58%
Diadème - Albanie - Baron Sanglant Helena Serdaigle
50%
Moldus - Ford Anglia - Nagini Arthur Weasley
45%
Arnold - Cheval - La Gazette du Sorcier Ginny Weasley
43%
Chat - Centaures - Cracmol Dolores Ombrage
42%
Black - Armoire - Attrapeur Drago Malefoy
40%
Sept - Prewett - Bellatrix Molly Weasley
40%
Rufus Scrimgeour - Millicent Bagnold - Kingsley Shacklebolt Cornelius Fudge
38%
Quidditch - Ecosse - Animagus Minerva McGonagall
38%
Tobias - Tisseur - Espion Severus Rogue
38%
Histoire de la magie - Professeur - Fantôme Cuthbert Binns
36%
Fraise - Aristocrate - Gryffondor Nick Quasi Sans Tête
30%
Frelon de Wimbourne - Or de farfadet- Bertha Jorkins Ludo Verpey
22%
Fleur - Verts - Godric's Hollow Lily Potter
21%
Auberge - Pré au lard - Ron Rosmerta
20%
Cousins - Portrait - Orion Walburga Black
9%
Aucun quiz correspondant
Distribution des résultats
% des personnes avec chaque résultat
Percentile par nombre de réponses
Votre historique - résultats
Vous n’avez pas pris ce quiz